Modern times

Podrobná bibliografia
Hlavný autor: Dylan, Bob, 1941- (Skladateľ, Textár, Spevák, Hudobník)
Médium: CD Zvuková nahrávka
Jazyk:angličtina
PhysicalDescription:1 zvuková platňa digitál. 12 cm
Vydavateľské údaje: Praha Sony Music Entertainment Czech Republic 2010
Predmet:

MARC

LEADER 00000cjm a2200000 a 4500
001 vtls010288331
003 SK-MaSNL
005 20260331205712.0
007 sd fungnnmmned
008 110624p2010 xr ppnng n eng
028 0 1 |a 8869745570281  |b Sony Music Entertainment 
040 |a SNK  |b slo  |c SNK  |e AACR2 
041 0 |d eng 
044 |a xr  |c CZ 
048 |b vn  |a od 
072 7 |a 784  |x Vokálna hudba  |2 konspekt 
080 |a 784.4  |2 2001 
080 |a (086.76)  |2 2001 
100 1 |a Dylan, Bob,  |d 1941-  |4 cmp  |4 lyr  |4 sng  |4 mus 
245 1 0 |a Modern times  |h zvukový záznam  |c Bob Dylan 
260 |a Praha  |b Sony Music Entertainment Czech Republic  |c 2010 
300 |a 1 zvuková platňa  |b digitál.  |c 12 cm 
500 |a Kompaktná platňa 
500 |a Pôvodný fonogram 2006 Sony BMG Music Entertainment 
505 0 0 |t Thunder on the mountain --  |t Spirit on the water --  |t Rollin' and tumblin' --  |t When the deal goes down --  |t Someday baby --  |t Workingman's blues #2 --  |t Beyond the horizon --  |t Nettie Moore --  |t Levee's gonna break --  |t Ain't talkin' 
508 |a Hudba a texty: Bob Dylan 
511 0 |a Účinkuje: Bob Dylan 
650 0 7 |a folkové piesne  |2 SNKPH  |9 106321 
650 0 7 |a Folk songs  |2 SNKPHeng  |9 286205 
650 0 7 |a populárne piesne  |2 SNKPH  |9 3446 
650 0 7 |a Popular songs  |2 SNKPHeng  |9 240063 
655 7 |a kompaktné platne  |2 SNKPH  |9 70690 
655 7 |a Compact discs  |2 SNKPHeng  |9 136570 
852 |a Štátna vedecká knižnica v Banskej Bystrici 
999 |c 577447  |d 579377 
952 |a SNK  |b SNK  |y PREZ  |7 0  |p 17A0878430  |o snkICD 1134  |i snk2012/4678  |8 1  |0 0  |1 0  |4 0  |d 2012-02-22  |l 0  |r 2026-02-23 14:38:16  |w 2026-02-23 
952 |a SNK  |b SNK  |y PREZ  |7 0  |p 17A0878431  |o snkICD 1134 D1  |i snk2012/4679  |8 1  |0 0  |1 0  |4 0  |d 2012-02-22  |l 0  |r 2026-02-23 14:38:16  |w 2026-02-23